Geometry Dash: Name a Valid Level - Random Obscure Trivia - Statistics

General Stats
  • This quiz has been taken 68 times
    19 since last reset
  • The average score is 4 of 10
Answer Stats
Hint Number Answer % Correct
Extreme weekly demons 4 Bloodbath | Bloodlust | Congregation | Tartarus
95%
Rated classic levels at least 15 minutes long (including minigames) 7                 LUDO | Cookie Clicker | Eon | I Wanted To Sleep | Jump Arcade | Larga Espera | The Bahamut
84%
Rated levels where the ID exactly matches the name 6 10000000 | 53836863 | 66667777 | 66669420 | 68020910 | 96333369
58%
Gauntlet levels longer than 3 minutes 5 Change of Scene | I See Stars | in Silico | Snow flies in Fog | WhyMeWhyMeWhyMeWhyMe
37%
Unfeatured daily levels 8 Explorers | FIRE | She is my all | The Triple Trial | Wistfulness | YOUVE BEEN TROLLED | Youve been trolled | Youve been trolled
26%
Levels where the difficulty face does not match the star count 2 Luster | Smetana
26%
Replaced weekly demons 5 an2echamber | Carcass | Interstellar | Kitty | Shambolic
16%
Replaced Gauntlet levels 3 Blade | Dangerous Spikes | Vulgarity
11%
Epic levels that lost their rate 7 an2echamber | FIRE IN THE HEART | Frolic | God Eater | My birthday | Shapennes | UniKiTtY IV
5%
Rated levels that got accidentally deleted 6 Clutterfunk | kso | sex2 | simple CLUBstep | Stay Inside Me | XXX JUMP WORLD XXX
5%
No matching quizzes found
Score Distribution
Percent of People with Each Score
Percentile by Number Answered
Your Score History
You have not taken this quiz since the last reset